000
00222 a2200097 4500
001
14389
100
_a
Phillips C.F
245
_a
Marketing princtples & methods
260
_a
New York
_b
R.D. Irwan
_c
090
_c
11282
_d
11282
942
_a
NUST-CAE
_c
M
_c
1428
999
_c
249462
_d
249462